Critical Issues in South African Education (Record no. 27220)

MARC details
000 -LEADER
fixed length control field 00862nam a2200133Ia 4500
008 - FIXED-LENGTH DATA ELEMENTS--GENERAL INFORMATION
fixed length control field 220620s9999||||xx |||||||||||||| ||und||
100 ## - MAIN ENTRY--PERSONAL NAME
Personal name Wolhuter, Charl||de Beer, Zacharias Louw||Niemczyk, Ewelina||Botha, Johan||Gore, Oliver||Marimo, Artwell||Neethling, Marinda||Santhakumar, V.||Seleti, Juliana||Steyn, Hennie J.||Taylor, Benita||Vos, Deon
245 #0 - TITLE STATEMENT
Title Critical Issues in South African Education
Remainder of title Illumination from international comparative perspectives from the BRICS countries
546 ## - LANGUAGE NOTE
Language note English[eng]
650 ## - SUBJECT ADDED ENTRY--TOPICAL TERM
Topical term or geographic name entry element BRICS countries; Comparative and International Education; Language in education; South African education; World-class universities; BRICS; BRICS education
700 ## - ADDED ENTRY--PERSONAL NAME
Personal name Wolhuter, Charl||de Beer, Zacharias Louw||Niemczyk, Ewelina
856 ## - ELECTRONIC LOCATION AND ACCESS
Uniform Resource Identifier <a href="https://library.oapen.org/bitstream/20.500.12657/49410/1/9781928523635.pdf">https://library.oapen.org/bitstream/20.500.12657/49410/1/9781928523635.pdf</a>
942 ## - ADDED ENTRY ELEMENTS (KOHA)
Koha item type E-Books
Holdings
Withdrawn status Lost status Damaged status Not for loan Home library Current library Date acquired Total Checkouts Date last seen Price effective from Koha item type
        Kerala University of Digital Sciences, Innovation and Technology Knowledge Centre Kerala University of Digital Sciences, Innovation and Technology Knowledge Centre 20/06/2022   20/06/2022 20/06/2022 E-Books